Loading...
| History - Other | 0 | 3 | 0 | 1 | 30 | 51 | 82.00 | 0 | 2 | 7.44 | 21.16 |
| Fine Arts - Painting and Sculpture | 0 | 3 | 0 | 0 | 30 | 57 | 80.67 | 0 | 1 | 9.37 | 17.20 |
| History - European | 0 | 3 | 0 | 0 | 30 | 46 | 70.00 | 0 | 2 | 11.99 | 20.90 |
| Science - Biology | 0 | 3 | 0 | 0 | 30 | 59 | 72.00 | 0 | 0 | 8.68 | 10.58 |
| Mythology | 0 | 3 | 0 | 0 | 30 | 60 | 66.67 | 2 | 3 | 14.70 | 25.93 |
| Literature - World | 0 | 2 | 0 | 0 | 20 | 82 | 88.50 | 0 | 1 | 4.33 | 8.20 |
| Fine Arts - Other | 0 | 2 | 0 | 0 | 20 | 58 | 74.50 | 0 | 1 | 8.56 | 12.96 |
| Science - Other | 0 | 2 | 1 | 0 | 15 | 41 | 59.00 | 0 | 2 | 11.52 | 17.20 |
| Science - Chemistry | 0 | 2 | 1 | 0 | 15 | 64 | 97.50 | 0 | 1 | 4.00 | 11.11 |
| Literature - British | 0 | 1 | 0 | 0 | 10 | 30 | 30.00 | 0 | 1 | 8.36 | 9.26 |
| Literature - American | 0 | 1 | 0 | 0 | 10 | 82 | 82.00 | 0 | 1 | 3.12 | 7.41 |
| Literature - European | 0 | 1 | 0 | 0 | 10 | 90 | 90.00 | 1 | 1 | 2.26 | 9.52 |